000 00541nam a2200181Ia 4500
003 IN-BaIIA
008 211028s9999 xx 000 0 eng d
040 _cIIA Library
080 _a51
_bGOO
100 _aGoodstein, R. L
_93995
245 0 _aFundamental concepts of mathematics
_bvol. 22
_cR. L. Goodstein
260 _aOxford
_bPergamon Press
_c1962
300 _aviii, 279p.
490 _aInternational Series of Monographs on Pure and Applied Mathematics
650 _aMathematics
_982
650 _aNASA thesaurus
942 _cBK
999 _c2204
_d2204